Reimb dich, oder Ich Liß dich: vom Verfasser zusammengestellte Anthologie seiner frühen Predigten und Traktate
| Authors: | ; |
|---|---|
| Format: | Print Book |
| Language: | German Latin |
| Subito Delivery Service: | Order now. |
| Check availability: | HBZ Gateway |
| WorldCat: | WorldCat |
| Interlibrary Loan: | Interlibrary Loan for the Fachinformationsdienste (Specialized Information Services in Germany) |
| Published: |
Konstanz Eggingen
Ed. Isele
2007
|
| In: |
Bibliotheca Suevica (23)
Year: 2007 |
| Series/Journal: | Bibliotheca Suevica
23 |
| Standardized Subjects / Keyword chains: | B
Sermon
/ Holy See (motif)
/ History 1673-1684
B Baroque / Sermon collection / Holy See (motif) B Catholicism / Sermon / Geschichte 1684 |
| Further subjects: | B
Werke
B Spring B Abraham a Sancta Clara (1644-1709) |
| Online Access: |
Table of Contents |
MARC
| LEADER | 00000cam a2200000 c 4500 | ||
|---|---|---|---|
| 001 | 544164253 | ||
| 003 | DE-627 | ||
| 005 | 20251223213858.0 | ||
| 007 | tu | ||
| 008 | 070924s2007 gw ||||| 00| ||ger c | ||
| 020 | |a 9783861424253 |9 978-3-86142-425-3 | ||
| 035 | |a (DE-627)544164253 | ||
| 035 | |a (DE-576)267219717 | ||
| 035 | |a (DE-599)GBV544164253 | ||
| 035 | |a (OCoLC)213510145 | ||
| 035 | |a (OCoLC)213510145 | ||
| 040 | |a DE-627 |b ger |c DE-627 |e rakwb | ||
| 041 | |a ger |a lat | ||
| 044 | |c XA-DE | ||
| 082 | 0 | |a 252.0209032 |q BSZ | |
| 082 | 0 | 4 | |a 230 |
| 084 | |a 6,12 |2 ssgn | ||
| 084 | |a 1 |2 ssgn | ||
| 084 | |a GH 2126 |2 rvk |0 (DE-625)rvk/40355:11808 | ||
| 084 | |a 07 |2 bwlb | ||
| 084 | |a 11.75 |2 bkl | ||
| 084 | |a 11.54 |2 bkl | ||
| 084 | |a 18.10 |2 bkl | ||
| 084 | |a 17.87 |2 bkl | ||
| 100 | 0 | |0 (DE-588)11850021X |0 (DE-627)133730069 |0 (DE-576)16001770X |4 aut |a Abraham |c a Sancta Clara |d 1644-1709 | |
| 109 | |a Mariophilo, Theophilo 1644-1709 |a Hilarion, Gaudentius 1644-1709 |a Abraham a Sankta Klara 1644-1709 |a Abraham a Santa Clara 1644-1709 |a Clara, Abraham a Sancta 1644-1709 |a Megerle, Johann Ulrich 1644-1709 |a Megerle, Johannes U. 1644-1709 |a Megerle, Ulrich 1644-1709 |a Megerle, Hans 1644-1709 |a Megerle, Hans Ulrich 1644-1709 |a Abraham von Megerle 1644-1709 |a Abraham Pater 1644-1709 |a Santa Clara, Abraham a 1644-1709 |a Megerle, Joh. Ulrich 1644-1709 |a Megerlin, Hans Ulrich 1644-1709 |a Megerle, Johann U. 1644-1709 |a Megerlin, Ulrich 1644-1709 |a Abraham a Sancta Clara 1644-1709 |a Megerle, Johannes Ulrich 1644-1709 |a Abraham Augustiner 1644-1709 |a Abraham à S. Clara Augustiner Barfüsser 1644-1709 |a Abraham à S. Clara 1644-1709 |a Abraham a St. Clara 1644-1709 |a Abraham Barfüßer 1644-1709 |a Sancta Clara, Abraham a 1644-1709 |a Megerlin, Johann Ulrich 1644-1709 |a Abraham 1644-1709 |a Mariophilus, Theophilus 1644-1709 |a Megerle, John Ulrich 1644-1709 |a P. A. S. C. R. A. B. u. K. P. 1644-1709 |a Theophilo Mariophilo 1644-1709 | ||
| 243 | 1 | 0 | |a Sammlung |
| 245 | 1 | 0 | |a Reimb dich, oder Ich Liß dich |b vom Verfasser zusammengestellte Anthologie seiner frühen Predigten und Traktate |c Abraham a Sancta Clara. Hrsg. und kommentiert von Inga Pohlmann |
| 246 | 3 | 0 | |a reim |
| 264 | 1 | |a Konstanz |a Eggingen |b Ed. Isele |c 2007 | |
| 300 | |a 757 Seiten |b Ill. | ||
| 336 | |a Text |b txt |2 rdacontent | ||
| 337 | |a ohne Hilfsmittel zu benutzen |b n |2 rdamedia | ||
| 338 | |a Band |b nc |2 rdacarrier | ||
| 490 | 1 | |a Bibliotheca Suevica |v No. 23 | |
| 500 | |a Beitr. teilw. dt., teilw. lat. und dt | ||
| 583 | 1 | |a Archivierung/Langzeitarchivierung gewährleistet |f PEBW |x XA-DE-BW |2 pdager |5 DE-31 | |
| 583 | 1 | |a Archivierung/Langzeitarchivierung gewährleistet |f SSG |x XA-DE-BW |2 pdager |5 DE-21 | |
| 600 | 0 | 7 | |0 (DE-588)11850021X |0 (DE-627)133730069 |0 (DE-576)16001770X |a Abraham |c a Sancta Clara |d 1644-1709 |2 gnd |7 (dpeaa)DE-631 |
| 601 | |a Verfassung | ||
| 601 | |a Anthologie | ||
| 601 | |a Traktat | ||
| 650 | 4 | |a Werke |0 (DE-631)24766 |7 (dpeaa)DE-631 | |
| 655 | 7 | |a Quelle |0 (DE-588)4135952-5 |0 (DE-627)105661236 |0 (DE-576)209665084 |2 gnd-content | |
| 689 | 0 | 0 | |d s |0 (DE-588)4047089-1 |0 (DE-627)106195794 |0 (DE-576)209072172 |2 gnd |a Predigt |
| 689 | 0 | 1 | |d b |0 (DE-588)2009545-4 |0 (DE-627)101659261 |0 (DE-576)191644501 |2 gnd |a Katholische Kirche |
| 689 | 0 | 2 | |q z |2 gnd |a Geschichte 1673-1684 |
| 689 | 0 | |5 DE-101 | |
| 689 | 1 | 0 | |d s |0 (DE-588)4004541-9 |0 (DE-627)106385380 |0 (DE-576)208856447 |2 gnd |a Barock |
| 689 | 1 | 1 | |d s |0 (DE-588)4123978-7 |0 (DE-627)10575112X |0 (DE-576)20956427X |2 gnd |a Predigtsammlung |
| 689 | 1 | 2 | |d b |0 (DE-588)2009545-4 |0 (DE-627)101659261 |0 (DE-576)191644501 |2 gnd |a Katholische Kirche |
| 689 | 1 | |5 DE-101 | |
| 689 | 2 | 0 | |d s |0 (DE-588)4030027-4 |0 (DE-627)106272047 |0 (DE-576)20898528X |2 gnd |a Katholizismus |
| 689 | 2 | 1 | |d s |0 (DE-588)4047089-1 |0 (DE-627)106195794 |0 (DE-576)209072172 |2 gnd |a Predigt |
| 689 | 2 | 2 | |q z |2 gnd |a Geschichte 1684 |
| 689 | 2 | |5 (DE-627) | |
| 700 | 1 | |e Bearb. |0 (DE-588)112268838 |0 (DE-627)505573962 |0 (DE-576)168558165 |4 adp |a Pohlmann, Inga |d 1957- | |
| 830 | 0 | |a Bibliotheca Suevica |v 23 |9 23 |w (DE-627)528325566 |w (DE-576)102655200 |w (DE-600)2283340-7 |7 am | |
| 856 | 4 | 2 | |u http://bvbr.bib-bvb.de:8991/F?func=service&doc_library=BVB01&doc_number=015742118&line_number=0001&func_code=DB_RECORDS&service_type=MEDIA |m V:DE-604 |q application/pdf |v 20090731000000 |3 Inhaltsverzeichnis |7 1 |
| 935 | |a mteo |a BWLB | ||
| 935 | |i Blocktest | ||
| 936 | r | v | |a GH 2126 |b Einzelausgaben |k Germanistik. Niederlandistik. Skandinavistik |k Deutsche Literatur |k Das Zeitalter des Barock |k Literaturgeschichte |k Einzelne Autoren |k Autoren A |k Abraham a Sancta Clara |k Einzelausgaben |0 (DE-627)1271993988 |0 (DE-625)rvk/40355:11808 |0 (DE-576)201993988 |
| 936 | b | k | |a 11.75 |j Homiletik |0 (DE-627)106415328 |
| 936 | b | k | |a 11.54 |j Katholizismus |0 (DE-627)106402668 |
| 936 | b | k | |a 18.10 |j Deutsche Literatur |0 (DE-627)106405047 |
| 936 | b | k | |a 17.87 |j Besondere Literaturkategorien |0 (DE-627)106416049 |
| 951 | |a BO | ||
| ELC | |b 1 | ||
| ITA | |a 1 |t 1 | ||
| LOK | |0 000 xxxxxcx a22 zn 4500 | ||
| LOK | |0 001 3125122899 | ||
| LOK | |0 003 DE-627 | ||
| LOK | |0 004 544164253 | ||
| LOK | |0 005 20080131165126 | ||
| LOK | |0 008 070828||||||||||||||||ger||||||| | ||
| LOK | |0 040 |a DE-21 |c DE-627 |d DE-21 | ||
| LOK | |0 852 |a DE-21 | ||
| LOK | |0 852 1 |c 47 A 7148 |9 00 | ||
| LOK | |0 935 |a theo | ||
| LOK | |0 936ln |a t3.4 | ||
| LOK | |0 938 |l 12/09/07 |8 6 | ||
| LOK | |0 939 |a 28-08-07 |b l01 | ||
| LOK | |0 000 xxxxxcx a22 zn 4500 | ||
| LOK | |0 001 4830453575 | ||
| LOK | |0 003 DE-627 | ||
| LOK | |0 004 544164253 | ||
| LOK | |0 005 20251218170522 | ||
| LOK | |0 008 251218||||||||||||||||ger||||||| | ||
| LOK | |0 035 |a (DE-4020)wubadaa33496 | ||
| LOK | |0 040 |a DE-4020 |c DE-627 |d DE-4020 | ||
| LOK | |0 092 |o n | ||
| LOK | |0 852 |z Geschenk von Pater Michael Wernicke | ||
| LOK | |0 852 |a DE-4020 | ||
| LOK | |0 852 1 |c D 542 |m p |9 00 | ||
| LOK | |0 935 |a bami | ||
| LOK | |0 938 |k p | ||
| LOK | |0 939 |a 18-12-25 |b l01 | ||
| ORI | |a SA-MARC-ixtheoa001.raw | ||
| STA | 0 | 0 | |a Baroque,Baroque era,Catholicism,Catholicism,Holy See (motif),Catholic church,Catholic Church,Catholic Church,Former pilgrimage church Saint Ottilia,Sermon collection,Sermon,Sermon |
| STB | 0 | 0 | |a Baroque,Catholicisme,Catholicisme,Recueil de sermons,Saint-Siège (motif),Église catholique,Église catholique,Sermon,Sermon,Homélie,Prédication,Homélie,Prédication |
| STC | 0 | 0 | |a Barroco,Catolicismo,Catolicismo,Colección de homilías,Movimiento juvenil católico,Predicación,Predicación,Homilía,Prédica,Homilía,Prédica,Homilía (Motivo),Prédica,Homilía,Prédica |
| STD | 0 | 0 | |a Barocco,Cattolicesimo,Cattolicesimo,Chiesa cattolica,Omelia,Omelia,Raccolta di omelie |
| STE | 0 | 0 | |a 天主教,天主教,罗马公教,罗马公教,天主教会,罗马公教,巴洛克艺术,讲章,讲章,讲道,讲道,讲道集 |
| STF | 0 | 0 | |a 天主教,天主教,羅馬公教,羅馬公教,天主教會,羅馬公教,巴洛克藝術,講章,講章,講道,講道,講道集 |
| STG | 0 | 0 | |a Barroco,Catolicismo,Catolicismo,Coletânea de homilias,Igreja católica,Prédica,Prédica,Homilia,Pregação,Homilia,Pregação,Homilia (Motivo),Pregação,Homilia,Pregação |
| STH | 0 | 0 | |a Барокко,Католицизм (мотив),Католицизм,Католическая церковь (мотив),Проповедь (мотив),Проповедь,Сборник проповедей |
| STI | 0 | 0 | |a Κήρυγμα (μοτίβο),Κήρυγμα,Καθολική Εκκλησία (μοτίβο),Καθολικισμός (μοτίβο),Καθολικισμός,Μπαρόκ,Συλλογή κηρυγμάτων |
| SYA | 0 | 0 | |a Megerle, Johann Ulrich,1644-1709,Abraham,à S. Clara Augustiner Barfüsser,1644-1709,Abraham,à S. Clara,1644-1709,Abraham,a St. Clara,1644-1709,Abraham,Augustiner,1644-1709,Abraham,Barfüßer,1644-1709,Abraham,Pater,1644-1709,Abraham,1644-1709,Abraham von Megerle,1644-1709,Abraham,a Sankta Klara,1644-1709,Abraham,a Santa Clara,1644-1709,P. A. S. C. R. A. B. u. K. P.,1644-1709,Megerle, Johann U.,1644-1709,Megerle, Johannes Ulrich,1644-1709,Megerle, Johannes U.,1644-1709,Megerle, Joh. Ulrich,1644-1709,Megerle, John Ulrich,1644-1709,Megerle, Hans Ulrich,1644-1709,Megerle, Hans,1644-1709,Megerle, Ulrich,1644-1709,Megerlin, Johann Ulrich,1644-1709,Megerlin, Hans Ulrich,1644-1709,Megerlin, Ulrich,1644-1709,Hilarion, Gaudentius,1644-1709,Santa Clara, Abraham a,1644-1709,Sancta Clara, Abraham a,1644-1709,Clara, Abraham a Sancta,1644-1709,Mariophilo, Theophilo,1644-1709,Mariophilus, Theophilus,1644-1709,Theophilo Mariophilo,1644-1709 |
| SYG | 0 | 0 | |a Kanzelrede , Katolikus Egyház,RCC,Katoličeskaj Cerkovʹ,Katoličke Cerkve,Katolska Cyrkej,Katolske Kirke,Ecclesia Catholica,Igreja Católica,Römisch-Katholische Kirche,Katholikē Ekklēsia,Catholic Church,Roman Catholic Church,Eglise Catholique,Eglise Catholique Romaine,Chiesa Cattolica,Katholieke Kerk,Iglesia Católica,Katolické Církve,Kościoł Katolicki,Katoličke Crkve,Eglise catholique romaine,Chiesa cattolica romana,Roman catholic Church,Eglise catholique,Römische Kirche , Eglise catholique,Roman Catholic Church,Catholic Church , Ehemalige Wallfahrtskirche Sankt Ottilia , Barockzeit,Barockzeitalter , Predigtensammlung , Katolikus Egyház,RCC,Katoličeskaj Cerkovʹ,Katoličke Cerkve,Katolska Cyrkej,Katolske Kirke,Ecclesia Catholica,Igreja Católica,Römisch-Katholische Kirche,Katholikē Ekklēsia,Catholic Church,Roman Catholic Church,Eglise Catholique,Eglise Catholique Romaine,Chiesa Cattolica,Katholieke Kerk,Iglesia Católica,Katolické Církve,Kościoł Katolicki,Katoličke Crkve,Eglise catholique romaine,Chiesa cattolica romana,Roman catholic Church,Eglise catholique,Römische Kirche , Eglise catholique,Roman Catholic Church,Catholic Church , Ehemalige Wallfahrtskirche Sankt Ottilia , Katholiken , Kanzelrede |
| TIM | |a 100016730101_100016841231 |b Geschichte 1673-1684 | ||